[Event "SpiderMan"]
[Site "http://www.queenalice.com/game.php?id=873816"]
[Date "2010.12.22"]
[Round "-"]
[White "McKubik"]
[Black "len_10"]
[Result "1-0"]
[WhiteElo "1372"]
[BlackElo "989"]

1. e4 e5 2. Nf3 Nc6 3. Nc3 Bc5 4. Nd5 d6 5. Bb5 a6 6. Bd3 g6 7. O-O f5 8. exf5
gxf5 9. Ng5 Qxg5 10. Nxc7+ Kd7 11. Nxa8 Nf6 12. Qf3 e4 13. Qg3 Ng4 14. Bc4 h6
15. h4 Qg6 16. a3 Rf8 17. b4 f4 18. Qh3 f3 19. gxf3 Bd4 20. Qxg4+ Qxg4+ 21. fxg4
Ne5 22. Be2 Kd8 23. c3 Bxc3 24. dxc3 d5 25. Bxh6 Rf6 26. g5 Re6 27. Bg7 Ng6 28.
h5 Nf4 29. Bg4 Re7 30. Bd1 Rxg7 31. g6 Nh3+ 32. Kg2 Re7 33. Nb6 1-0

[Event "Challenge"]
[Site "http://www.queenalice.com/game.php?id=875228"]
[Date "2010.12.22"]
[Round "-"]
[White "len_10"]
[Black "MarceloF"]
[Result "0-1"]
[WhiteElo "974"]
[BlackElo "1664"]

1. e4 c5 2. d3 e6 3. f3 Nc6 4. g4 g6 5. Nh3 Nf6 6. Nc3 Bg7 7. Bg5 h6 8. Bd2 d5
9. Nf4 d4 10. Nb5 a6 11. Na3 g5 12. Ng2 b6 13. Nc4 b5 14. Na3 O-O 15. c4 bxc4
16. Nxc4 Nb4 17. a3 Nc6 18. Qa4 Bd7 19. e5 Nxe5 20. Qb3 Nxf3+ 21. Ke2 Nxd2 22.
Nxd2 Nxg4 23. Rc1 Rb8 24. Rxc5 Rxb3 25. Nxb3 Qb6 26. Kf3 Qxb3 27. Rc7 Nf6 28.
Be2 Qxb2 29. Rxd7 Nxd7 30. Rb1 Qxb1 31. Bd1 Qxd1+ 32. Kf2 Rb8 33. Nf4 Rb2+ 34.
Kg3 Qg1+ 35. Kf3 Qf2+ 36. Kg4 Qh4+ 37. Kf3 Rf2+ 38. Ke4 Qxf4# 0-1

[Event "Challenge"]
[Site "http://www.queenalice.com/game.php?id=875234"]
[Date "2010.12.22"]
[Round "-"]
[White "len_10"]
[Black "heinrich79"]
[Result "0-1"]
[WhiteElo "967"]
[BlackElo "1709"]

1. e4 c6 2. d3 d5 3. Nf3 Nf6 4. c4 g6 5. Nc3 Be6 6. Bf4 Nbd7 7. exd5 cxd5 8.
cxd5 Nxd5 9. Nb5 Bg7 10. d4 Nxf4 11. Rc1 O-O 12. g3 Nd5 13. Bc4 N5b6 14. b3 Nxc4
15. bxc4 a6 16. Nc3 Bxc4 0-1

[Event "Challenge"]
[Site "http://www.queenalice.com/game.php?id=875838"]
[Date "2010.12.23"]
[Round "-"]
[White "len_10"]
[Black "TIKAR"]
[Result "0-1"]
[WhiteElo "1000"]
[BlackElo "1127"]

1. e4 e5 2. Nf3 b6 3. Nxe5 d6 4. Nd3 Nc6 5. f4 Qe7 6. f5 Nh6 7. g4 Qxe4+ 8. Be2
Qxh1+ 9. Kf2 Qxh2+ 10. Kf1 Qh3+ 11. Kg1 Be7 12. Bf1 Qg3+ 13. Bg2 Bh4 14. Qf1 Nd4
15. Nc3 Nxg4 16. Ne4 Qh2# 0-1

[Event "AUTO-BEG-448"]
[Site "http://www.queenalice.com/game.php?id=876139"]
[Date "2010.12.24"]
[Round "1"]
[White "saida"]
[Black "len_10"]
[Result "0-1"]
[WhiteElo "1342"]
[BlackElo "974"]

1. d4 e6 2. e4 Nf6 3. Bg5 h6 4. Bh4 g5 5. Bg3 Nxe4 6. Qf3 f5 7. Qh5+ Ke7 8. Be5
Nf6 9. Nf3 Nxh5 10. Bxh8 Bg7 11. Bxg7 Nxg7 12. Bd3 d5 13. Ne5 g4 14. Ng6+ Kf6
15. Nf4 Nc6 0-1

[Event "AUTO-BEG-448"]
[Site "http://www.queenalice.com/game.php?id=876140"]
[Date "2010.12.24"]
[Round "1"]
[White "len_10"]
[Black "saida"]
[Result "0-1"]
[WhiteElo "1004"]
[BlackElo "1312"]

1. e4 c6 2. Nf3 d5 3. d3 dxe4 4. dxe4 Qxd1+ 5. Kxd1 e6 6. Nc3 Nf6 7. Bf4 Bc5 8.
Bc4 Bxf2 9. Rf1 Bd4 10. Nxd4 O-O 11. Be2 Rd8 12. Be3 c5 13. Nb5 cxd4 14. Bxd4 e5
15. Ke1 exd4 16. c3 Nxe4 17. Rd1 Nc6 18. Bc4 Be6 19. b3 Bxc4 20. bxc4 dxc3 21.
Rc1 Rd3 22. Rf3 Ne5 23. Nxc3 Nxf3+ 24. gxf3 Rxc3 25. Rxc3 Nxc3 26. Kd2 Nxa2 27.
Kd3 Re8 28. c5 Re6 29. Kd4 Rh6 30. f4 Rxh2 31. Kd5 h5 32. Kd6 Rb2 33. Kc7 h4 34.
Kd8 h3 35. f5 h2 36. c6 bxc6 37. Ke8 h1=Q 38. f6 Qd5 39. fxg7 Re2# 0-1

[Event "AUTO-BEG-448"]
[Site "http://www.queenalice.com/game.php?id=876149"]
[Date "2010.12.24"]
[Round "1"]
[White "juli1"]
[Black "len_10"]
[Result "1-0"]
[WhiteElo "1449"]
[BlackElo "967"]

1. Nc3 e5 2. e3 Nc6 3. f4 d6 4. b3 h6 5. Nf3 g5 6. h3 gxf4 7. exf4 exf4 8. Ba3
Nf6 9. Qe2+ Be7 10. d4 d5 11. O-O-O 1-0

[Event "AUTO-BEG-448"]
[Site "http://www.queenalice.com/game.php?id=876150"]
[Date "2010.12.24"]
[Round "1"]
[White "len_10"]
[Black "juli1"]
[Result "0-1"]
[WhiteElo "967"]
[BlackElo "1449"]

1. e4 c5 2. Nf3 Nc6 3. Nc3 Nf6 4. d3 Qa5 5. Bd2 b5 6. Nd5 b4 7. a3 Qb5 8. axb4
cxb4 9. c3 a5 10. d4 Qb7 11. Bf4 d6 0-1

[Event "AUTO-BEG-449"]
[Site "http://www.queenalice.com/game.php?id=877912"]
[Date "2010.12.28"]
[Round "1"]
[White "len_10"]
[Black "gillou23"]
[Result "0-1"]
[WhiteElo "987"]
[BlackElo "1128"]

1. e4 d5 2. Nc3 d4 3. Nd5 e6 4. Nf4 e5 5. Nfe2 Nf6 6. c3 d3 7. Ng3 Nc6 8. Bxd3
Qxd3 9. Nf3 Nxe4 10. Nxe4 Qxe4+ 11. Kf1 Qd3+ 12. Kg1 Bg4 13. h3 Bxf3 14. gxf3
O-O-O 15. Kh2 Bd6 16. b4 e4+ 17. f4 Bxf4+ 18. Kg1 h5 0-1

[Event "AUTO-BEG-449"]
[Site "http://www.queenalice.com/game.php?id=877913"]
[Date "2010.12.28"]
[Round "1"]
[White "gillou23"]
[Black "len_10"]
[Result "1-0"]
[WhiteElo "1138"]
[BlackElo "977"]

1. e4 e5 2. d4 Nc6 3. d5 Nd4 4. Nf3 c5 5. Nxe5 f6 6. Nf3 f5 7. exf5 Nxf5 8. Qe2+
Be7 9. Nc3 a6 10. Bg5 h6 11. O-O-O hxg5 12. Nxg5 Nd4 13. d6 Nxe2+ 14. Bxe2 Bxd6
15. Rxd6 Qxg5+ 16. Kd1 Qxg2 17. Bh5+ g6 18. Re1+ Ne7 19. Bxg6+ Kd8 20. Kc1 1-0

[Event "AUTO-BEG-449"]
[Site "http://www.queenalice.com/game.php?id=877914"]
[Date "2010.12.28"]
[Round "1"]
[White "len_10"]
[Black "salvachess"]
[Result "0-1"]
[WhiteElo "989"]
[BlackElo "1075"]

1. e4 e5 2. Nf3 d6 3. Nc3 Nc6 4. Bc4 Bg4 5. h3 Bxf3 6. Qxf3 Nd4 7. Qd1 Qh4 8. g3
Qf6 9. Nd5 Qf3 10. Nxc7+ Kd8 11. Nxa8 Qxh1+ 12. Bf1 Qxe4+ 13. Be2 Nxc2+ 14. Kf1
Qh1# 0-1

[Event "AUTO-BEG-449"]
[Site "http://www.queenalice.com/game.php?id=877915"]
[Date "2010.12.28"]
[Round "1"]
[White "salvachess"]
[Black "len_10"]
[Result "1-0"]
[WhiteElo "1205"]
[BlackElo "967"]

1. e4 e5 2. d3 Nc6 3. Nf3 Nf6 4. Be2 d5 5. exd5 Nxd5 6. c4 Nf4 7. Bxf4 exf4 8.
O-O Bd6 9. Nc3 O-O 10. b3 Be5 11. Rc1 Be6 12. g3 fxg3 13. fxg3 Bxg3 14. hxg3 Bh3
15. Rf2 1-0